000 00646nam a22002177a 4500
999 _c10851
_d10851
003 AR-CdUCM
008 190402b ||||| |||| 00| 0 spa d
040 _aMUNICIPALIDAD PROVINCIAL DEL CUSCO
_cBIBLIOTECA MUNICIPAL DEL CUSCO
082 _aC / 869.56 /
_bES93C
100 _aEstrada Serrano, Hector
_916731
245 _aCuentos leyendas tradiciones Aymaras /
260 _aCusco :
_bGarcilaso,
_c1976.
300 _a112 páginas;
_c21 cm.
505 _aContenido: Cuentos
650 _aLiteratura
_983
650 _aSiglo XX
_98
650 _aCuentos, leyendas
_927908
650 _aAymaras
_914165
942 _2ddc
_cLIBROS
945 _aachl